Gaming Quiz

Random Gaming Quiz

Ratchet & Clank planets and locations Quiz Stats

 Plays Quiz not verified by Sporcle

Score 0/132 Timer 10:00
0 Plays Today
% Correct
Veldin
83%
Veldin
83%
Kerwan
78.6%
Kerwan
78.6%
Kerwan
78.6%
Aridia
65%
Aridia
65%
Rilgar
63.5%
Rilgar
63.5%
Pokitaru
62.2%
Novalis
61.9%
Orxon
59.8%
Orxon
59.8%
Gaspar
55.7%
Oozla
55.1%
Umbris
54.5%
Hoven
54.2%
Batalia
53.6%
Aranos
52.9%
Boldan
52.6%
Oltanis
52%
Quartu
51.7%
Dobbo
51.7%
Maktar Nebula
51.7%
Endako
51.1%
Veldin Orbit
50.8%
Barlow
50.8%
Eudora
50.2%
Damosel
50.2%
Oltanis Orbit
49.5%
Kalebo III
48.9%
Damosel
48.6%
Yeedil
48.3%
Joba
47.1%
Snivelak
45.2%
Grelbin
44.6%
Todano
44.3%
Tabora
43.7%
Notak
42.7%
Siberius
42.4%
Nebula G34
41.2%
Gorn
41.2%
Aquatos
40.9%
Florana
40.9%
% Correct
Smolg
38.1%
Feltzin System
35.6%
Marcadia
35.6%
Hrugis Cloud
35%
Zeldrin
34.7%
Starship Phoenix
34.4%
Pokitary
33.7%
Daxx
31.6%
Koros
31.6%
Mylon
30%
Zygan System
29.7%
Wupash Nebula
28.8%
Fastoon
28.8%
Burbank
28.5%
Annihilation Nation
28.5%
DreadZone Station
26%
Holostar Studios
25.7%
Kronos
24.8%
Cobalia
24.1%
Great Clock
23.8%
Kortog
22.6%
Mukow
22.3%
Sarathos
21.1%
Merdegraw
21.1%
Terachnos
21.1%
Merdegraw
20.7%
Lumos
20.4%
Catacrom Four
20.1%
Venantonio
20.1%
Quantos
20.1%
Vapedia
20.1%
Merdegraw
19.5%
Merdegraw
19.5%
Ghost Station
19.2%
Ardolis
19.2%
Reepor
18.9%
Tyhrranosis
18.6%
Joraal Nebula
18.3%
Shaar
18.3%
Igliak
18.3%
Sargasso
18.3%
Stygia
18%
Rykan V
18%
Torval
17.6%
% Correct
Qwark's Hideout
17.3%
Zanifar
17.3%
Slim Cognito's Ship Shack
16.7%
Jasindu
16.7%
Maraxus
16.4%
Kreeli Comet
15.5%
Torren IV
15.2%
The Valix Belt
14.6%
Metalis
14.6%
Insomniac Moon
13.9%
Dayni Moon
13.6%
Viceron
13.3%
Ublik Passage
12.1%
Nefarious Space Station
12.1%
Testing Facility Moon
11.8%
Kalidon
11.8%
Nundac Asteroid Ring
11.8%
Morklon
11.5%
Challax
10.8%
Insomniac Museum
10.8%
Ryllus
10.5%
DreadZone's Battledome
10.2%
Vorselon's Ship
9.9%
Asyanica
9.6%
Agorian Battleplex
9.6%
Dreamtime
8.7%
California
8%
Medical Outpost Omega
7.7%
Quodrona
7.7%
Verdigris Black Hole
7.7%
Inside Clank
6.8%
Hydrano
6.8%
Prison Planet
6.5%
Rakar Star Cluster
5.9%
The Battledome Control Station
5.6%
Boltaire
4.3%
Fort Sprocket
3.1%
Rionosis
3.1%
Spaceship Graveyard
2.8%
Glaciara
2.5%
The HIG Treehouse
2.5%
Le Paradis Des Tricheurs Casino
1.9%
The Quasar Fields
0.6%
Underwater Base
0.6%

You're not logged in!

Compare scores with friends on all Sporcle quizzes.
OR
Log In

Show Comments

Extras

Created Nov 26, 2010ReportNominate
Tags:Ratchet and Clank

Top Quizzes Today


Score Distribution

Your Account Isn't Verified!

In order to create a playlist on Sporcle, you need to verify the email address you used during registration. Go to your Sporcle Settings to finish the process.

Report this User

Report this user for behavior that violates our Community Guidelines.

Details: